000
00212 a2200097 4500
001
30574
100
_a
UNESCO
245
_a
Museums, imagination & education
260
_a
UNESCO
_b
Paris
_c
090
_c
20508
_d
20508
942
_a
NUST-CAE
_c
M
_c
11679
999
_c
265647
_d
265647